00390nam a22001217a 4500008004100000020001500041050002400056100002700080245009100107260004000198300001000238700002000248231124b |||||||| |||| 00| 0 eng d a190468548x aRA645.3b.W55 2007  aWillis, Richard J. B.  aHome health care :bsimple measures for emergencies in the home/cRichard J. B. Willis aGrantham bStanborough Press c2009 a105p. aWilby, John M.